| 000 | 01670cam0 2200421 ib4500 | ||
|---|---|---|---|
| 001 | BY-BR0001-br20239011503 | ||
| 005 | 20251001123456.0 | ||
| 010 |
^a978-5-353-07600-1 ^bв переплете |
||
| 035 | ^a(BY-MI0001)BY-BR0001-br20239011503 | ||
| 035 | ^a(BY-MI0000)BY-BR0001-br20239011503 | ||
| 100 | ^a20230511d2022 d y0rusy50 ca | ||
| 101 | 0 | ^arus | |
| 102 | ^aRU | ||
| 105 | ^aa z 000ay | ||
| 109 | ^ama | ||
| 200 | 1 |
^aАрмагеддон ^eроман ^e[для среднего школьного возраста] ^fЕвгений Гаглоев |
|
| 210 |
^aМосква ^cРОСМЭН ^d2022 |
||
| 215 |
^a397, [2] с. ^cил. ^d22 см |
||
| 225 | 1 |
^aСерия "Зерцалия" ^vт. 7 |
|
| 311 | ^aЦикл "Мир Санкт-Эринбурга" | ||
| 333 | ^a12+ | ||
| 345 | ^94000 экз. | ||
| 488 | 0 |
^12001 ^aМир Санкт-Эринбурга |
|
| 606 |
^aРУССКАЯ ЛИТЕРАТУРА ^3BY-NLB-ar28702 ^2DVNLB |
||
| 606 |
^aХУДОЖЕСТВЕННАЯ ЛИТЕРАТУРА ^3BY-NLB-ar37179 ^2DVNLB |
||
| 608 |
^aРОМАН ^3BY-NLB-ar92012 ^2BYGNR |
||
| 608 |
^aДЕТСКАЯ И ЮНОШЕСКАЯ ЛИТЕРАТУРА (художеств. произведение) ^3BY-NLB-ar9019 ^2BYGNR |
||
| 686 |
^a84(2Рос)6-4 ^2rubbk |
||
| 690 |
^a1 ^2Base ^9BY-MI0000 ^xRSEK |
||
| 700 | 1 |
^aГаглоев ^bЕ. ^3BY-SEK-ar5750449 |
|
| 801 | 0 |
^aBY ^bBY-BR0001 ^c20230511 ^gRCR |
|
| 801 | 2 |
^aBY ^bBY-MI0001 ^c20240506 ^gRCR |
|
| 801 | 2 |
^aBY ^bBY-MI0000 ^c20250925 ^gRCR |
|
| 899 | 0 |
^aBY-MI0000 ^iГ12 ^h84(2Рос)6 |
|